But It's Better If You Do - Panic! At The Disco - All Lyrics - Statistics

General Stats
  • This quiz has been taken 108 times
  • The average score is 284 of 330
Answer Stats
Answer % Correct
I
100%
I'm
100%
you
100%
a
98%
and
96%
And
96%
for
96%
me?
96%
me,
96%
where
96%
in
95%
be
91%
dance
91%
exactly
91%
isn't
91%
love
91%
of
91%
this
91%
know
89%
lap
89%
like
89%
she
89%
to
89%
As
88%
PA
88%
age
86%
my
86%
Now
86%
on
86%
you'd
86%
consenting
84%
forgetting
84%
may
84%
Oh,
84%
oh
84%
the
84%
The
84%
ask
82%
even
82%
name
82%
Praying
82%
Well,
82%
well,
82%
cabaret
80%
downtown
80%
her
80%
queen
80%
stage
80%
that
80%
lime
79%
skin
79%
Somewhere
79%
afraid
77%
burlesque
77%
wouldn't
77%
caught
75%
d-dead,
75%
d-dead
75%
dead
75%
it
75%
paying
75%
place
75%
naivety?
73%
naivety
73%
naivety,
73%
peach
73%
club's
71%
sheds
68%
daiquiri
66%
have
66%
joint
66%
strip
66%
sweating
66%
song
64%
faked
63%
but
61%
dignified
61%
veteran
57%
seated
55%
between
54%
his
54%
sips
54%
away
52%
right,
50%
sits
48%
that's
48%
two
48%
Smirking
45%
No matching quizzes found
Score Distribution
Percent of People with Each Score
Percentile by Number Answered
Your Score History
You have not taken this quiz